Prešov

Zobrazenie: Krajský národný výbor, Leninovo námestie (teraz Námestie legionárov) s fontánou, budova ČSAD a erb mesta

Podrobná bibliografia
Médium: Pohľadnica
Jazyk:slovenčina
Fyzický popis:1 pohľadnica (3 čiastkové pohľady) farebná 11 x 15 cm
Vydavateľské údaje: Bratislava Pravda [1970?]
Predmet:

MARC

LEADER 00000nkm a2200000 a 4500
001 vtls011584812
003 SK-MaSNL
005 20260302015051.0
007 kp co
008 231214q1970 xo g kuslo
015 |a SNBG 
035 |a urn:nbn:sk:snk-km00cpcn 
035 |a urn:nbn:sk:snk-km3lqpu 
035 |a FF862F99-E84C-4362-9068-2480DADD426E 
040 |a SNK  |b slo  |c SNK  |e AACR2 
041 0 |a slo 
043 |a e-xo--- 
044 |a xo  |c SK 
080 |a (084.121)  |2 2011 
080 |a 913(437.671)  |2 2011 
245 0 0 |a Prešov  |h grafika 
260 |a Bratislava  |b Pravda  |c [1970?] 
300 |a 1 pohľadnica (3 čiastkové pohľady)  |b farebná  |c 11 x 15 cm 
520 8 |a Zobrazenie: Krajský národný výbor, Leninovo námestie (teraz Námestie legionárov) s fontánou, budova ČSAD a erb mesta 
651 7 |a Prešov (Slovensko)  |2 SNKPH  |9 17347 
655 7 |a miestne pohľadnice  |2 SNKPH  |9 70510 
852 |a Slovenská národná knižnica 
958 |a GC 
958 |a GBN 
958 |a OND 
999 |c 1019542  |d 1021472 
952 |a SNK  |b SNK  |y PREZ  |7 0  |p 17A1209885  |o snkSP 20048  |0 0  |1 0  |4 0  |d 2016-10-07  |f 1  |l 0  |r 2026-02-24 13:19:59  |w 2026-02-24